000 00504nim a2200181 i 4500
001 bgj
100 1 _aALLAN, Dave
245 1 0 _aOxford Placement Test :
_blistening test.
_n2 /
_cDave Allan.
260 _aOxford :
_bOxford University Press,
_c1992.
300 _eaudio cassette.
650 9 _aEnglish language
_xTests, examinations, etc.
_xListening
020 _a0194328090
040 _cBPK
041 _aeng
920 _a0-19-432809-0
942 _cTM
008 s1992 uk f |000 0 eng
999 _c50090
_d50090
856 _uhttp://koha.tu.koszalin.pl/cgi-bin/koha/opac-detail.pl?biblionumber=50090
_yKatalog online BPK